| 000 -LEADER |
| fixed length control field |
01004nam a22002657a 4500 |
| 008 - FIXED-LENGTH DATA ELEMENTS--GENERAL INFORMATION |
| fixed length control field |
250527b xxu||||| |||| 00| 0 eng d |
| 040 ## - CATALOGING SOURCE |
| Original cataloging agency |
Cagayan State University |
| Description conventions |
RDA |
| 082 ## - DEWEY DECIMAL CLASSIFICATION NUMBER |
| Classification number |
791.4372 |
| Item number |
A6159 2022 |
| 245 ## - TITLE STATEMENT |
| Title |
Another round 2020 / directed by Thomas Vinterberg ; produced by Sisse Graum Jorgensen, Kasper Dissing |
| 260 ## - PUBLICATION, DISTRIBUTION, ETC. (IMPRINT) |
| Place of publication, distribution, etc |
Copenhagen, Denmark : |
| Name of publisher, distributor, etc |
Nordisk Film Distribution, |
| Date of publication, distribution, etc |
2020. |
| 300 ## - PHYSICAL DESCRIPTION |
| Extent |
1 videofile, (ca. 116 mins.) : |
| Other physical details |
sound, color. |
| 520 ## - SUMMARY, ETC. |
| Summary, etc |
Four high-school teachers consume alcohol on a daily basis to see how it affects their social and professional lives. |
| 521 ## - TARGET AUDIENCE NOTE |
| Target audience note |
Not rated. |
| 546 ## - LANGUAGE NOTE |
| Language note |
Danish |
| 650 ## - SUBJECT ADDED ENTRY--TOPICAL TERM |
| Topical term or geographic name as entry element |
Comedy |
| 650 ## - SUBJECT ADDED ENTRY--TOPICAL TERM |
| Topical term or geographic name as entry element |
Drama |
| 700 ## - ADDED ENTRY--PERSONAL NAME |
| Personal name |
Mikkelsen, Mads, star. |
| 700 ## - ADDED ENTRY--PERSONAL NAME |
| Personal name |
Bo Larsen, Thomas, star. |
| 700 ## - ADDED ENTRY--PERSONAL NAME |
| Personal name |
Millang, Magnus, star. |
| 700 ## - ADDED ENTRY--PERSONAL NAME |
| Personal name |
Ranthe, Lars, star. |
| 700 ## - ADDED ENTRY--PERSONAL NAME |
| Personal name |
Grovlen, Sturla Brandth, cinematographer. |
| 700 ## - ADDED ENTRY--PERSONAL NAME |
| Personal name |
Osterud, Anne, editor. |
| 700 ## - ADDED ENTRY--PERSONAL NAME |
| Personal name |
Jansen, Janus Billeskov, editor. |
| 942 ## - ADDED ENTRY ELEMENTS (KOHA) |
| Source of classification or shelving scheme |
|
| Item type |
Audio-Visual Materials |